Βιοψυχολογία / Πρώτη Ελληνική Έκδοση (Record no. 6335)
[ view plain ]
| 000 -LEADER | |
|---|---|
| fixed length control field | 02360cam a22002414a 4500 |
| 005 - ΗΜΕΡΟΜΗΝΙΑ ΚΑΙ ΩΡΑ ΤΕΛΕΥΤΑΙΑΣ ΕΝΗΜΕΡΩΣΗΣ | |
| Πεδίο ελέγχου | 20260202144545.0 |
| 008 - FIXED-LENGTH DATA ELEMENTS--GENERAL INFORMATION | |
| Πεδίο ελέγχου σταθερού μήκους | 250528s ||||||||||||||||||||||||d |
| 020 ## - ISBN | |
| ISBN | 9789606970689 |
| 035 ## - SYSTEM CONTROL NUMBER | |
| System control number | 21270 |
| 040 ## - ΠΗΓΗ ΚΑΤΑΛΟΓΟΓΡΑΦΗΣΗΣ | |
| Φορέας πρωτότυπης καταλογογράφησης | MC Athens Campus Library |
| Γλώσσα καταλογογράφησης | Ελληνικά, Μοντέρνα (1453-) |
| Modifying agency | MC Athens Campus Library |
| Κανόνες περιγραφικής καταλογογράφησης | AACR2 |
| 245 1# - ΤΙΤΛΟΣ ΚΑΙ ΔΗΛΩΣΗ ΥΠΕΥΘΥΝΟΤΗΤΑΣ | |
| Τίτλος | Βιοψυχολογία / Πρώτη Ελληνική Έκδοση |
| 250 ## - EDITION STATEMENT | |
| Edition statement | 1η |
| 260 ## - PUBLICATION, DISTRIBUTION, ETC. | |
| Name of publisher, distributor, etc. | Ίων, |
| Date of publication, distribution, etc. | 2011 |
| 300 ## - PHYSICAL DESCRIPTION | |
| Extent | 616 σ. |
| 520 ## - SUMMARY, ETC. | |
| Summary, etc. | Τι Είναι η Βιοψυχολογία;, Η Βιοψυχολογία ως Νευροεπιστήμη, Οι Βάσεις της Βιοψυχολογίας, Εξέλιξη και Γενετική και Εμπειρία, Ανατομία του Νευρικού Συστήματος, Νευρωνική Αγωγιμότητα και Συναπτική Διαβίβαση, Μέθοδοι Έρευνας στη Βιοψυχολογία, Αισθητικά και Κινητικά Συστήματα, Το Οπτικό Σύστημα, Οι Μηχανισμοί της Αντίληψης: Ακοή - Αφή - Όσφρηση - Γεύση και Προσοχή, Το Αισθητικοκινητικό Σύστημα, Ευπλαστότητα του Εγκεφάλου, Η Ανάπτυξη του Νευρικού Συστήματος, Εγκεφαλική Βλάβη και Ευπλαστότητα του Νευρικού Συστήματος, Μάθηση και Μνήμη και Αμνησία, Η Βιοψυχολογία της Κινητοποίησης, Το Αίσθημα της Πείνας - η Λήψη Τροφής και η Υγεία, Ορμόνες και Φύλο, Ύπνος και Όνειρα και Κιρκάδιοι Ρυθμοί, Ο Εθισμός σε Ουσίες και τα Κυκλώματα, Γνωσιακές και Συμπεριφοριστικές Διαταραχές, Πλευρίωση και Γλώσσα και Διχασμένος Εγκέφαλος, Η Βιοψυχολογία του Συναισθήματος και το Στρες και η Υγεία, Η Βιοψυχολογία των Ψυχιατρικών Διαταραχών. |
| 700 1# - ΠΡΟΣΘΕΤΗ ΑΝΑΓΡΑΦΗ--ΦΥΣΙΚΟ ΠΡΟΣΩΠΟ | |
| Personal name | Pinel, John P. J. |
| 9 (RLIN) | 334 |
| 700 1# - ΠΡΟΣΘΕΤΗ ΑΝΑΓΡΑΦΗ--ΦΥΣΙΚΟ ΠΡΟΣΩΠΟ | |
| Personal name | Γιακουμάκη Στέλλα |
| 9 (RLIN) | 7307 |
| 700 1# - ΠΡΟΣΘΕΤΗ ΑΝΑΓΡΑΦΗ--ΦΥΣΙΚΟ ΠΡΟΣΩΠΟ | |
| Personal name | Καστελλάκης Ανδρέας Α |
| 9 (RLIN) | 7308 |
| 700 1# - ΠΡΟΣΘΕΤΗ ΑΝΑΓΡΑΦΗ--ΦΥΣΙΚΟ ΠΡΟΣΩΠΟ | |
| Personal name | Τατά Δέσποινα |
| 9 (RLIN) | 7309 |
| 942 ## - ADDED ENTRY ELEMENTS (KOHA) | |
| Koha item type | Books |
| Τύπος τεκμηρίου | Βιβλιοθήκη | Τρέχουσα τοποθεσία | Barcode | Αριθμός εισαγωγής | Ημερομηνία απόκτησης | Ταξιθετικό σύμβολο | Κατάσταση απόσυρσης | Κατάσταση χαμένου | Κατάσταση κατεστραμμένου | Μη δανεισμός | Σύνολο δανεισμών | Ημερομηνία τελευταίας εμφάνισης | Η τιμή ισχύει από |
|---|---|---|---|---|---|---|---|---|---|---|---|---|---|
| Books | MC Athens Campus Library | MC Athens Campus Library | 9780000100061 | 8205 | 22/12/2025 | 612.8 PIN | 22/12/2025 | 22/12/2025 |